00333nam a2200121Ia 4500008004100000041000800041082001400049100002000063245004500083260004100128300003100169365001100200240624s9999 xx 000 0 und d aeng a158.1 WEB aWEBSTER RICHARD aCREATIVE VISUALIZATION ACHIEVE YOUR GOAL c2008aMumbaibJaico Publishing House axvi, : 224 : p. : cm. ; 21 cRSb30